Development strategy; Journal of Economics and Social Sciences; № 3
| Parent link: | Journal of Economics and Social Sciences: electronic scientific journal.— , 2012-.— 2312-2978 № 3.— 2013.— [2 p.] |
|---|---|
| Egile nagusia: | |
| Egile korporatiboa: | , |
| Beste egile batzuk: | , |
| Gaia: | Title screen The article investigates the base strategies of management. Three ways of external environment are described. The main basic strategy is examined and the article describes five elements of the strategy. В статье исследуются базовые стратегии управления. Описаны три способа внешней среды. Рассматривается основная базовая стратегия и статья описывает пять элементов базовой стратегии. |
| Hizkuntza: | ingelesa |
| Argitaratua: |
2013
|
| Saila: | Экономические науки |
| Gaiak: | |
| Sarrera elektronikoa: | http://earchive.tpu.ru/handle/11683/21773 |
| Formatua: | Baliabide elektronikoa Liburu kapitulua |
| KOHA link: | https://koha.lib.tpu.ru/cgi-bin/koha/opac-detail.pl?biblionumber=537110 |
MARC
| LEADER | 00000naa2a2200000 4500 | ||
|---|---|---|---|
| 001 | 537110 | ||
| 005 | 20231101113848.0 | ||
| 035 | |a (RuTPU)RU\TPU\prd\226440 | ||
| 035 | |a RU\TPU\prd\226439 | ||
| 090 | |a 537110 | ||
| 100 | |a 20141125a2013 k y0rusy50 ba | ||
| 101 | 0 | |a eng | |
| 102 | |a RU | ||
| 135 | |a drcn ---uucaa | ||
| 181 | 0 | |a i | |
| 182 | 0 | |a b | |
| 200 | 1 | |a Development strategy |f V. I. Martyushev |g sci. adv. A. N. Dreval, A. N. Nikolaenko | |
| 203 | |a Text |c electronic | ||
| 215 | |a 1 файл (23 Кб) | ||
| 225 | 1 | |a Экономические науки | |
| 230 | |a Электронные текстовые данные (1 файл : 23 Кб) | ||
| 300 | |a Title screen | ||
| 320 | |a [References: 3 tit.] | ||
| 330 | |a The article investigates the base strategies of management. Three ways of external environment are described. The main basic strategy is examined and the article describes five elements of the strategy. | ||
| 330 | |a В статье исследуются базовые стратегии управления. Описаны три способа внешней среды. Рассматривается основная базовая стратегия и статья описывает пять элементов базовой стратегии. | ||
| 453 | |t Разработка стратегии развития |a Мартюшев, В. И. | ||
| 461 | 1 | |0 (RuTPU)RU\TPU\prd\225573 |x 2312-2978 |t Journal of Economics and Social Sciences |o electronic scientific journal |d 2012- | |
| 463 | 1 | |0 (RuTPU)RU\TPU\prd\226395 |t № 3 |v [2 p.] |d 2013 | |
| 610 | 1 | |a electronic resource | |
| 610 | 1 | |a business strategies | |
| 610 | 1 | |a Development strategy | |
| 610 | 1 | |a M. Porter | |
| 700 | 1 | |a Martyushev |b V. I. | |
| 702 | 1 | |a Dreval |b A. N. |c specialist in the field of management |c Associate Professor of Tomsk Polytechnic University, Candidate of technical sciences |f 1951- |g Anatoly Nikolaevich |2 stltpush |4 727 | |
| 702 | 1 | |a Nikolaenko |b N. A. |c linguist |c Associate Professor of Tomsk Polytechnic University, Candidate of philological sciences |f 1958- |g Nina Aleksandrovna |2 stltpush |3 (RuTPU)RU\TPU\pers\31945 |4 727 | |
| 712 | 0 | 2 | |a Национальный исследовательский Томский политехнический университет (ТПУ) |b Институт социально-гуманитарных технологий (ИСГТ) |b Кафедра инженерного предпринимательства (ИП) |h 5423 |2 stltpush |3 (RuTPU)RU\TPU\col\18857 |
| 712 | 0 | 2 | |a Национальный исследовательский Томский политехнический университет (ТПУ) |b Институт социально-гуманитарных технологий (ИСГТ) |b Кафедра иностранных языков (ИЯСГТ) |h 7147 |2 stltpush |3 (RuTPU)RU\TPU\col\18376 |
| 801 | 1 | |a RU |b 63413507 |c 20090623 |g PSBO | |
| 801 | 2 | |a RU |b 63413507 |c 20160921 |g PSBO | |
| 856 | 4 | |u http://earchive.tpu.ru/handle/11683/21773 | |
| 942 | |c BK | ||